000
00333cam a2200145ua 4500
041
_a
eng
_h
082
_a
923.2
_b
SHA/JA
100
_a
Shah, A.B .
245
_a
Jawaharlal Nehru /
_c
A.B.Shah.
_h
Textual Documents
260
_a
Bombay :
_b
Manaktalas ,
_c
1956.
300
_a
125 ; .
504
_a
942
_c
BK
999
_c
867
_d
867